00157nam a2200073Ia 4500008004100000041000800041100001800049245001600067250605s9999 xx 000 0 und d aeng aNikhil Sharma aLodestar UM